| 000 | 00755nam a2200205Ii 4500 | ||
|---|---|---|---|
| 003 | JO-AjNU | ||
| 008 | 230605s9999||||xx |||||||||||||| ||und|| | ||
| 040 |
_aJO-AjNU _bara _erda _cJO-AjNU |
||
| 041 | _aara | ||
| 050 | 1 | 4 | _aK3264.S4.M3464 |
| 100 | 3 |
_a ونسة ، ديالا عيسى ،تقديم شعيب ، عبد السلام , _eauthor _916422 |
|
| 245 | 0 | 0 | _aحماية حقوق التأليف على شبكة الانترنت " دراسة مقارنة " |
| 250 | _a(د،ط) | ||
| 264 | 3 | 1 | _aبيروت : دار صادر ، 2002 |
| 300 | _a328ص | ||
| 336 |
_atext _btxt _2rdacontent |
||
| 337 |
_aunmediated _bn _2rdamedia |
||
| 338 |
_avolume _bnc _2rdacarrier |
||
| 650 | 4 |
_aحق التأليف (إنترنت) -- قوانين وأنظمة _916423 |
|
| 999 |
_aA4861 _c8429 _d8429 |
||